000 00390nam a2200145 i 4500
001 41335
003 ES-MaACL
005 20230906160420.0
007 t|
008 030310s1968 sp ||||1| spa d
245 0 3 _aLa nueva Casa de Cultura de Soria se abre para usted...
260 _a[Soria :
_bs.n.,
_c1968]
300 _a10 h. :
_bil. ;
_c15 cm.
852 _aES-MaACL
_j2066-F-7
_bR.67545
999 _c41335
_d41335